00492 2200193 4500001002100000005001500021008004100036020002200077035001900099041000700118082000800125090001400133100002300147245004000170260002700210300002000237500001100257650003000268INLIS00000000000329920241224112710241224||||||||| | ||| |||| || |  a978-602-8672-08-5 0010-1224003299 aid0 a923 a923 DED h0 aDedi Ahimsa Riyadi00aHatta Hikayat Cinta dan Kemerdekaan adepokbEdelweissc2010 a279 hlm.; 21 cm aCet. 1 0aIlmu Sejarah dan Biografi